000 00412nam a2200145Ia 4500
008 230917s9999||||xx |||||||||||||| ||und||
040 _e205642
_aMAIN
041 _aEnglish
082 _a519.2 C275I
100 _aCastaneda, Liliana Blanco
245 0 _aIntroduction to probability and stochastic processes with applications
260 _aHoboken
_bJohn Wiley
_c2012
300 _axxiii, 589p p.
942 _cBK
999 _c165742
_d165742